Cuestiones fundamentales de auditoría

Furkejuvvon:
Bibliográfalaš dieđut
Váldodahkki: Fowler Newton, Enrique (Dahkki)
Materiálatiipa: Girji
Giella:espánnjágiella
Almmustuhtton: Buenos Aires Tesis 1989
Fáttát:
Fáddágilkorat: Lasit fáddágilkoriid
Eai fáddágilkorat, Lasit vuosttaš fáddágilkora!

MARC

LEADER 00000nam a2200000 a 4500
001 UCX1236
003 CL-VaPUC
008 900626e19890000AG |||||||||||||||||spa|d
082 0 4 |a 657.45  |b FOW  |2 21 
100 0 |a Fowler Newton, Enrique  |e author  |9 316659 
245 1 0 |a Cuestiones fundamentales de auditoría 
300 |a 667 p 
942 |c BK 
945 |d 19900626 00:00:00 
260 |a Buenos Aires  |b Tesis  |c 1989 
650 0 |a Auditoría  |9 307008 
583 |a last modification  |c 19900626 00:00:00  |k Rodrigo Vera 
999 |c 222513  |d 222511 
952 |0 0  |1 0  |4 0  |6 657_450000000000000_FOW_1989  |7 0  |8 A  |9 217361  |a BIBGIM  |b BIBGIM  |d 2019-11-15  |i 1412396  |o 657.45 FOW 1989  |p 1412396  |r 2025-01-15  |w 2019-11-15  |y BK  |k COM 
952 |0 0  |1 0  |4 0  |6 657_450000000000000_FOW_1989  |7 0  |8 A  |9 217362  |a BIBGIM  |b BIBGIM  |d 2019-11-15  |i 1425234  |o 657.45 FOW 1989  |p 1425234  |r 2025-01-15  |w 2019-11-15  |y BK  |k COM